| 000 | 01362nam a22002777a 4500 | ||
|---|---|---|---|
| 005 | 20081106101154.0 | ||
| 008 | 081106t xxu||||| |||| 00| 0 hin d | ||
| 010 | _aHIN-84709 | ||
| 020 |
_a9788190606899 _c550.00 |
||
| 035 | _aHN-57055 | ||
| 037 | _bDBAD / PUB | ||
| 040 |
_aDPL _bHN |
||
| 082 | _a368.0068 | ||
| 100 | _aसिन्हा, अमरीश | ||
| 245 |
_aबीमाः विपणन एवं प्रबंधन / _cअमरीश सिन्हा |
||
| 246 |
_aBima : viparan evam prabhandhan _bby Amrish Sinha |
||
| 260 |
_aदिल्ली _bअकादमिक प्रतिभा _c2008 |
||
| 270 |
_a79-42, एकता अपार्टमेंट, गीता कालोनी _bदिल्ली _e110031 _k011 22453953, 22445526, 9899242486 _mbooks@indianademicpratibha.com |
||
| 300 |
_a189पृ _c24सेमी (सजिल्द) |
||
| 650 | _aबीमा | ||
| 650 | _aInsurance | ||
| 650 |
_aबीमा _xविधि और विधान _zभारत |
||
| 650 |
_aInsurance _xLaw and legislation _zIndia |
||
| 942 |
_2ddc _cHN _mसिन्हाअ _h368.0068 |
||
| 999 |
_c18094 _d18094 |
||